| 000 | 00997nam a22002177a 4500 | ||
|---|---|---|---|
| 008 | 100722s1989 xxu||||| |||| 00| 0 ara d | ||
| 020 | _a977090046x | ||
| 082 |
_222 _a327.620 _bع ص ا |
||
| 100 | 1 |
_916668 _aعصاصة ، سامى |
|
| 245 |
_aأسرار الإنفصال مصر .. وسوريا / _cسامى عصاصة |
||
| 260 |
_aالقاهرة : _bمؤسسة دار الشعب ، _c1989. |
||
| 300 |
_a406 ص ؛ _c24 سم. |
||
| 490 |
_916672 _aمطبوعات الشعب _pثقافة وعلوم إنسانية لكل الشعب |
||
| 504 | _aيشتمل على إرجاعات ببليوجرافية | ||
| 541 |
_aألف باء ؛ _cشراء ؛ |
||
| 650 |
_916677 _aمصر _xتاريخ _yالعصر الحديث|الوحدة مع سوريا |
||
| 650 |
_916679 _aمصر _xتاريخ _yالعصر الحديث|الوحدة مع مصر |
||
| 650 |
_916683 _aسوريا _xعلاقات خارجية _zمصر |
||
| 650 |
_916681 _aمصر _xعلاقات خارجية _zسوريا |
||
| 942 |
_2ddc _cBB |
||
| 999 |
_c14531 _d14531 |
||